书目信息 |
| 题名: |
英语情态表达法
|
|
| 作者: | 王逢鑫 编著 | |
| 分册: | ||
| 出版信息: | 北京 商务印书馆国际有限公司 1996 |
|
| 页数: | 161页 | |
| 开本: | 20cm | |
| 丛书名: | 当代英语 | |
| 单 册: | ||
| 中图分类: | H314.2 , H31 | |
| 科图分类: | ||
| 主题词: | 英语-助动词--自学参考资料 , 助动词-英语--自学参考资料 , 英语 | |
| 电子资源: | ||
| ISBN: | 7-80103-047-8 | |
| 000 | 00911nam2 2200313 45 | |
| 001 | 0197010173 | |
| 005 | 20040512104526.7 | |
| 010 | @a7-80103-047-8@dCNY7.80 | |
| 100 | @a19970409d1996 em y0chiy0121 ea | |
| 101 | 0 | @achi@aeng |
| 102 | @aCN@b110000 | |
| 105 | @ay z 000yy | |
| 106 | @ar | |
| 200 | 10 | @a英语情态表达法@Aying yu qing tai biao da fa@f王逢鑫编著 |
| 210 | @a北京@c商务印书馆国际有限公司@d1996 | |
| 215 | @a161页@d20cm | |
| 225 | 2 | @a当代英语@dContemporary English@zeng |
| 300 | @a并列题名:English modality | |
| 300 | @a据商务印书馆(香港)有限公司1990年版编印 | |
| 410 | 0 | @120010@a当代英语 |
| 510 | 1 | @aEnglish modality@zeng |
| 606 | @a英语-助动词@x自学参考资料 | |
| 606 | @a助动词-英语@x自学参考资料 | |
| 606 | 0 | @a英语 |
| 690 | @aH314.2@v3 | |
| 690 | @aH31 | |
| 701 | 0 | @a王逢鑫@Awang feng xin@4编著 |
| 801 | 0 | @aCN@bNLC@c19970514 |
| 905 | @f2@b272776-777@dH31@e398:6 | |
| 英语情态表达法/王逢鑫编著.-北京:商务印书馆国际有限公司,1996 |
| 161页;20cm.-(当代英语=Contemporary English) |
| 并列题名:English modality.-据商务印书馆(香港)有限公司1990年版编印 |
| ISBN 7-80103-047-8:CNY7.80 |
| ● |
| 相关链接 |
|
|
|
|
正题名:英语情态表达法
索取号:H31/398:6
 
预约/预借
| 序号 | 登录号 | 条形码 | 馆藏地/架位号 | 状态 | 备注 |
| 1 | 0272775 | 000943992 | 第二样本阅览室/ [索取号:H31/398:6] | 在馆 | |
| 2 | 0272776 | 000944580 | 第四借阅区/ [索取号:H31/398:6] | 在馆 | |
| 3 | 0272777 | 000944606 | 第四借阅区/ [索取号:H31/398:6] | 在馆 |